The 8051 Microcontroller and Embedded Systems : (Record no. 178784)
[ view plain ]
| 000 -LEADER | |
|---|---|
| fixed length control field | 01109 a2200193 4500 |
| 003 - CONTROL NUMBER IDENTIFIER | |
| control field | Nust |
| 005 - DATE AND TIME OF LATEST TRANSACTION | |
| control field | 20230711103134.0 |
| 020 ## - INTERNATIONAL STANDARD BOOK NUMBER | |
| International Standard Book Number | 0131970895 |
| 040 ## - CATALOGING SOURCE | |
| Transcribing agency | Nust |
| 082 ## - DEWEY DECIMAL CLASSIFICATION NUMBER | |
| Classification number | 629.895,MAZ |
| 100 ## - MAIN ENTRY--PERSONAL NAME | |
| Personal name | Ali Mazidi, Muhammad |
| 9 (RLIN) | 113518 |
| 245 ## - TITLE STATEMENT | |
| Title | The 8051 Microcontroller and Embedded Systems : |
| Remainder of title | using Assembly and C / |
| Statement of responsibility, etc. | Muhammad Ali Mazidi and janice Gillispe Mazidi and Rolin D Mckinlay |
| 250 ## - EDITION STATEMENT | |
| Edition statement | 2nd |
| 260 ## - PUBLICATION, DISTRIBUTION, ETC. | |
| Place of publication, distribution, etc. | New Jersy |
| Name of publisher, distributor, etc. | Prentice Hall |
| Date of publication, distribution, etc. | 2006 |
| 300 ## - PHYSICAL DESCRIPTION | |
| Extent | 626 |
| 505 ## - FORMATTED CONTENTS NOTE | |
| Formatted contents note | Introduction To Computing (Page-1), The 8051 Microcontrollers (Page-23),8051 Assembly Language Programming (Page-37), Jump, Loop And Call Instructions (Page-69), I/O Port Programming (Page-93), Arithmetic and Logic Instructions and Programs (Page-139), 8051 Programming In C (Page-181), 8051 Hardware Connection and Intel Hex File (Page-217), 8051 Timer Programming in Assembly and C (Page-239), 8051 Serial Port Programming (Page-277), Interrupts in Programming (Page-317), LCD and Keyboard Interfacing (Page-351), ADC, DAC and Sensor Interfacing (Page-373). |
| 650 ## - SUBJECT ADDED ENTRY--TOPICAL TERM | |
| Topical term or geographic name entry element | Microcontroller |
| 9 (RLIN) | 58161 |
| 942 ## - ADDED ENTRY ELEMENTS (KOHA) | |
| Source of classification or shelving scheme | |
| Koha item type | Book |
| Withdrawn status | Lost status | Source of classification or shelving scheme | Damaged status | Not for loan | Permanent Location | Current Location | Shelving location | Date acquired | Full call number | Barcode | Date last seen | Price effective from | Koha item type | Public note | Total Checkouts | Date last checked out |
|---|---|---|---|---|---|---|---|---|---|---|---|---|---|---|---|---|
| Military College of Signals (MCS) | Military College of Signals (MCS) | Reference | 12/12/2016 | 629.895 MAZ | MCS34539 | 12/08/2016 | 12/12/2016 | Reference | Almirah No.24, Shelf No.4 | |||||||
| Military College of Signals (MCS) | Military College of Signals (MCS) | General Stacks | 07/11/2023 | 629.895,MAZ | MCS38734 | 01/29/2026 | 07/11/2023 | Book | Almirah No.42, Shelf No.2 | 3 | 01/14/2026 |
